Eastern Utah Libraries Catalog: Duchesne, Heber, Roosevelt, & Vernal

The guide : (Record no. 404427)

MARC details
000 -LEADER
fixed length control field 01553pam a2200385 i 4500
001 - CONTROL NUMBER
control field 2020044749
003 - CONTROL NUMBER IDENTIFIER
control field DLC
005 - DATE AND TIME OF LATEST TRANSACTION
control field 20250212124326.0
008 - FIXED-LENGTH DATA ELEMENTS--GENERAL INFORMATION
fixed length control field 201001s2021 nyub 000 1 eng
010 ## - LIBRARY OF CONGRESS CONTROL NUMBER
LC control number 2020044749
020 ## - INTERNATIONAL STANDARD BOOK NUMBER
International Standard Book Number 9780525657767
Qualifying information (hbk.)
020 ## - INTERNATIONAL STANDARD BOOK NUMBER
International Standard Book Number 9781984898968
Qualifying information (pbk.)
020 ## - INTERNATIONAL STANDARD BOOK NUMBER
Cancelled/invalid ISBN 9780525657774
Qualifying information (ebk.)
040 ## - CATALOGING SOURCE
Original cataloging agency DLC
Language of cataloging eng
Description conventions rda
Transcribing agency DLC
Modifying agency DLC
-- TnLvILS
042 ## - AUTHENTICATION CODE
Authentication code pcc
092 ## - LOCALLY ASSIGNED DEWEY CALL NUMBER (OCLC)
Classification number adult fiction
Item number Heller
100 1# - MAIN ENTRY--PERSONAL NAME
Personal name Heller, Peter,
Dates associated with a name 1959-
Relator term author.
245 14 - TITLE STATEMENT
Title The guide :
Remainder of title a novel /
Statement of responsibility, etc Peter Heller.
250 ## - EDITION STATEMENT
Edition statement First Edition.
264 #1 - Production, Publication, Distribution, Manufacture, and Copyright Notice.
Place of production, publication, distribution, manufacture New York :
Name of producer, publisher, distributor, manufacturer Alfred A. Knopf,
Date of production, publication, distribution, manufacture, or copyr 2021.
300 ## - PHYSICAL DESCRIPTION
Extent 257 pages :
Other physical details map ;
Dimensions 22 cm.
336 ## - Content Type
Content type term text
337 ## - Media type
Media type term unmediated
338 ## - Carrier type
Carrier type term volume
520 ## - SUMMARY, ETC.
Summary, etc "The bestselling author of The River returns with a heart-racing thriller about a young man who, escaping his own grief, is hired by an elite fishing lodge in Colorado where amid the natural beauty of sun-drenched streams and forests he uncovers a plot of shocking menace"--
650 #0 - SUBJECT ADDED ENTRY--TOPICAL TERM
Topical term or geographic name as entry element Fishing lodges
Geographic subdivision Colorado
Form subdivision Fiction.
9 (RLIN) 6538809
650 #0 - SUBJECT ADDED ENTRY--TOPICAL TERM
Topical term or geographic name as entry element Resorts
Form subdivision Fiction.
9 (RLIN) 5717463
650 #0 - SUBJECT ADDED ENTRY--TOPICAL TERM
Topical term or geographic name as entry element Fishing guides
Form subdivision Fiction.
9 (RLIN) 5716128
650 #0 - SUBJECT ADDED ENTRY--TOPICAL TERM
Topical term or geographic name as entry element Singers
Form subdivision Fiction.
9 (RLIN) 5729692
650 #0 - SUBJECT ADDED ENTRY--TOPICAL TERM
Topical term or geographic name as entry element Rich people
Form subdivision Fiction.
9 (RLIN) 5678551
651 #0 - SUBJECT ADDED ENTRY--GEOGRAPHIC NAME
Geographic name Colorado
Form subdivision Fiction.
9 (RLIN) 5675457
655 #7 - INDEX TERM--GENRE/FORM
Genre/form data or focus term Thrillers (Fiction)
Source of term lcgft.
776 08 - ADDITIONAL PHYSICAL FORM ENTRY
Display text Online version:
Main entry heading Heller, Peter,
Title The guide
Place, publisher, and date of publication New York : Alfred A. Knopf, 2021.
International Standard Book Number 9780525657774
Record control number (DLC) 2020044750.
942 ## - ADDED ENTRY ELEMENTS (KOHA)
Source of classification or shelving scheme Dewey Decimal Classification
Koha item type BOOK
Holdings
Withdrawn status Lost status Source of classification or shelving scheme Damaged status Not for loan Collection code Home library Current library Shelving location Date acquired Source of acquisition Total Checkouts Total Renewals Full call number Barcode Date last seen Date checked out Cost, replacement price Price effective from Koha item type
    Dewey Decimal Classification     Fiction Wasatch County Library Wasatch County Library First Floor 02/12/2025 Amazon 8 2 F Heller 34301002145904 07/22/2025 07/02/2025 18.00 02/12/2025 BOOK
This project was made possible through a grant from the Institute of Museum and Library Service administered by the Utah State Library Division.

Wasatch County Library

  • 465 East 1200 South, Heber City, Utah 84032
  • Phone 435-654-1511 | Fax 435-654-6456

Hours

  • Monday - Friday 9:30 AM - 8:00 PM
  • Saturday 9:30 AM - 1:30 PM
  • Closed Sundays and Holidays